Loading...
Nehru and nation building
| Andre forfattere: | |
|---|---|
| Udgivet: |
Jaipur
Aalekh
2002
|
| Fag: |
| LEADER | 00355nam a22001457a 4500 | ||
|---|---|---|---|
| 020 | |a 818735917X | ||
| 082 | |a 954.04 |b NEH | ||
| 245 | |a Nehru and nation building | ||
| 260 | |a Jaipur |b Aalekh |c 2002 | ||
| 300 | |a 280p. | ||
| 650 | |a Politics and government | ||
| 650 | |a Politics and social views | ||
| 700 | |a Chaudhary, D S, Ed. | ||
| 942 | |c PROFI.COR | ||
| 999 | |c 52241 |d 52241 | ||